| 000 | 00771nam a2200181 a 4500 | ||
|---|---|---|---|
| 001 | 39844 | ||
| 005 | 20180714013522.0 | ||
| 008 | 140415s1998 sp 000 0 spa d | ||
| 020 | _a847877209X | ||
| 041 | _aspa | ||
| 082 |
_a616.025 _bAVA |
||
| 245 | 0 | 0 | _aAVANCES EN EMERGENCIAS Y RESUCITACION III |
| 250 | _a1a ed. | ||
| 260 |
_aESPAÑA : _bEDIKA-MED, _c1998 |
||
| 300 |
_a140 _cx 17 x 24 |
||
| 520 | _aAVANCES EN EMERGENCIAS Y RESUCITACION III: ESTE LIBRO NARRA ASPECTOS ACTUALES Y RECOMENDACIONES SOBRE AQUELLAS SITUACIONES CRITICAS MAS FRECUENTES Y CON MAYOR REPERCUSION EN LA SALUD PUBLICA TRAT TEMAS COMO DONACION DE ORGANOS, QUE HACER EN LAS CATASTROFES Y QUE HACER PARA TRASLADAR A PERSONAS ACCIDENTADAS ETC. | ||
| 650 | 1 | 4 | _aURGENCIAS MEDICAS |
| 999 |
_c39844 _d39844 |
||